| Tag |
First Indicator |
Second Indicator |
Subfields |
| LEADER |
00000cam a2200000Ma 4500 |
| 001 |
in00003545302 |
| 006 |
m o d |
| 007 |
cr nn||||||||| |
| 008 |
121227s2000 enk o 000 0 eng d |
| 005 |
20260422210752.5 |
| 020 |
|
|
|a 9781447107255 (electronic bk.)
|
| 020 |
|
|
|a 144710725X (electronic bk.)
|
| 035 |
|
|
|a (OCoLC)840277194
|
| 040 |
|
|
|a I9W
|b eng
|e pn
|c I9W
|d OCLCQ
|d UV0
|d OCLCO
|d GW5XE
|d UtOrBLW
|
| 049 |
|
|
|a TXAM
|
| 050 |
|
4 |
|a QA76.7-76.73
|
| 082 |
0 |
4 |
|a 005.13
|2 23
|
| 100 |
1 |
|
|a Walmsley, Mark.
|
| 245 |
1 |
0 |
|a Multi-Threaded Programming in C++ /
|c by Mark Walmsley.
|
| 264 |
|
1 |
|a London :
|b Springer London,
|c 2000.
|
| 300 |
|
|
|a 1 online resource (X, 224 pages)
|
| 336 |
|
|
|a text
|b txt
|2 rdacontent
|
| 337 |
|
|
|a computer
|b c
|2 rdamedia
|
| 338 |
|
|
|a online resource
|b cr
|2 rdacarrier
|
| 520 |
|
|
|a This book will provide you with a practical introduction to multi-threaded programming in C++. Multi-threaded programming is fast becoming a vital weapon in the armoury of the software engineer battling against the complexity of modern computer applications and Mark Walmsley provides all the information you need to implement effective multi-threaded programs under both Windows and UNIX operating systems. Topics covered include: - process and thread environments - thread scheduling - mutex and event synchronization - applications for semaphores - passive and active objects - thread-specific storage - one-time initialization - deadlock avoidance strategies - random event monitoring - distributed computing.
|
| 505 |
0 |
|
|a From the contents: Introduction -- Threads -- Mutexes -- Events -- Semaphores -- Objects -- Keys -- Multiple Mutexes -- Multiple Events -- Distributed Computing -- Postscript -- Index. The complete table of contents can be found on the Internet: http://www.springer.de.
|
| 500 |
|
|
|a Electronic resource.
|
| 650 |
|
0 |
|a Computer science.
|
| 650 |
|
0 |
|a Computer system performance.
|
| 650 |
|
0 |
|a Logic design.
|
| 655 |
|
7 |
|a Electronic books.
|2 local
|
| 710 |
2 |
|
|a SpringerLink (Online service)
|
| 856 |
4 |
0 |
|u http://proxy.library.tamu.edu/login?url=https://link.springer.com/10.1007/978-1-4471-0725-5
|z Connect to the full text of this electronic book
|t 0
|
| 994 |
|
|
|a 92
|b TXA
|
| 999 |
|
|
|a MARS
|
| 999 |
f |
f |
|s 77028266-af07-36db-a840-67cff0d3b565
|i a7b8281c-82fe-3b7e-963c-966e15573d74
|t 0
|
| 952 |
f |
f |
|a Texas A&M University
|b College Station
|c Electronic Resources
|s www_evans
|d Available Online
|t 0
|e QA76.7-76.73
|h Library of Congress classification
|
| 998 |
f |
f |
|a QA76.7-76.73
|t 0
|l Available Online
|